000 00199nam a22000977a 4500
082 _a050
245 _aSARITA - HINDI - MAY (SECOND) 2017
300 _a162P
490 _aMAY (SECOND) 2017
942 _cCR
999 _c3618
_d3618